000
002520000a22000970004500
100
1
_a
Canclini, Arnoldo
245
1
0
_a
William Tyndale, 500 años
300
_a
Vol. 49, Núm 213 (1994), Páginas 23-24
773
0
_t
La Biblia de las Américas
942
_c
ANA
999
_c
51347
_d
51347